000 00450 a2200169 4500
001 156962
020 _a9788573657777
040 _cEscola São Tomás de Aquino
100 _aBRASIL
240 1 0 _aConstituição da República Federativa do Brasil
_lpor
245 1 0 _aConstituição da República Federativa do Brasil
300 _a103 p.
362 0 _a2010
440 1 _aEdições Câmara
697 _aConstituição do Brasil
942 _cBK
999 _c156962
_d156962